| 000 | 01865nam0a2200349 4500 | ||
|---|---|---|---|
| 001 | RU\NLR\bibl\1819172 | ||
| 005 | 20250616160212.0 | ||
| 010 |
_a978-5-7638-2350-9 _950 |
||
| 021 |
_aRU _b2011-70652 _95005 |
||
| 035 | _a(NLR Aleph) 001809739 | ||
| 090 |
_a1854547 _c1854547 |
||
| 100 | _a20111011d2011 |||y0rusy50 ca | ||
| 101 | 0 | _arus | |
| 102 | _aRU | ||
| 105 | _aa ||||||||| | ||
| 200 | 1 |
_aСистемы управления электроприводов _eучебное пособие для студентов высших учебных заведений, обучающи хся по специальности: 140604.65 - "Электропривод и автоматика промышленных установок и технологических комплексов" _fС.И. Мурашкин, В.М. Соломенцев, Т.Н. Слепцов _gМ-во образования и науки РФ, Сиб. федерал. ун-т, Ачин. фил. |
|
| 210 |
_aКрасноярск _cИПК СФУ _d2011 |
||
| 215 |
_a112,[8] с. _cил. _d21 |
||
| 313 | _aКурсовое проектирование | ||
| 320 | _aБиблиогр.: с. 90-91 (29 назв.) | ||
| 606 | 1 |
_aЭлектрические приводы _jУчебные издания для высших учебных заведений _xКурсовое проектирование _91979705 _3RU\NLR\auth\661194194 |
|
| 686 | _aЗ291-02я73-5 | ||
| 700 | 1 |
_aМурашкин _bС. И. _gСергей Иванович _4070 |
|
| 701 | 1 |
_aСоломенцев _bВ. М. _gВладимир Михайлович _4070 |
|
| 701 | 1 |
_aСлепцова _bТ. Н. _gТатьяна Николаевна _4070 |
|
| 801 | 0 |
_aRU _bNLR _c20111011 _gRCR |
|
| 801 | 1 |
_aRU _bNLR _c20111011 |
|
| 830 | _aавт. по кн. | ||
| 942 | _cBOOK | ||
| 980 | _aNB | ||
| 980 | _aNBR | ||